000 00205nam a2200097Ia 4500
008 240331s9999 xx 000 0 und d
082 _bAMB
100 _aAmbedkar, P.R.
245 0 _aSathi olippu
942 _cL
999 _c1445
_d1445